Дело об увольнении вовсе от службы разных лиц

Доступно только в Электронных читальных залах Найти на картеНа карте
RUSMARC
00004264nmc2a22002653x 450
001d6ba4644-457a-442f-acfc-12e9128583c8
00520240126112552.0
100##$a20230928l17741775k l0rusy0189 ca
1010#$arus
102##$aRU
105##$ay###
1222#$ad
2001#$aДело об увольнении вовсе от службы разных лиц
$j19 декабря 1774 г. - 3 июня 1775 г.
215##$a80 л.
$d36,5х26 см
251##$cДело
300##$aДело
300##$aОриг. заголовок дела: Дело об отставке от службы вечно из-за болезней состоящих в штате Конторском разных чинов и служителей, всего двадцати двух человек, прочих на пенсию, а других на свое пропитание. 19 декабря 1774 г. - 3 июня 1775 г
371##$aДокумент не является опубликованным и широко распространяемым
461#0$1001625a9a7e-a890-4307-a7fe-826a2289a412
$12001
$aГоф-интендантская контора МИДв
$1251
$cФонд
$1852
$j470
462#0$1001847f1b65-a1c8-435f-ad63-a7f71cf87a8b
$12001
$aПо личному составу чиновников Гоф-интендантская конторы; о выдаче пособий и пенсий
$1251
$cОпись
$1852
$j4
$l84-518
5171#$aДело об отставке от службы вечно из-за болезней состоящих в штате Конторском разных чинов и служителей, всего двадцати двух человек, прочих на пенсию, а других на свое пропитание. 19 декабря 1774 г. - 3 июня 1775 г
801#0$aRU
$bРГИА
$c20230928
$gRCR
801#1$aRU
$bГлавНИВЦ
$c20230928
$2rusmarc
801#2$aRU
$bПБ им. Б.Н. Ельцина
$c20240126
$gRCR
$2rusmarc
850##$aРГИА
852##$aРГИА
$eФедеральное казенное учреждение "Российский государственный исторический архив" (РГИА)
$j129
937##$hРГИА
$d12406168
$aASBIBLIO_SCAN
035##$aRusGRCC00066144
856##$uhttp://readingroom.main.prlib.ru/item.aspx?id_node=n190642600&mode=full
Формат отображения